Missing Word: Sin City Actors Quiz Stats

 Plays Quiz Updated Jul 22, 2016

Challenge
Share
Tweet
Embed
Score 0/45 Timer 05:00
1 Play Today
Hint Answer % Correct
Bruce WillisPulp Fiction
98.9%
Bruce WillisThe Sixth Sense
97%
Michael MadsenKill Bill: Vol. 2
96%
Clive OwenThe Bourne Identity
91.4%
Benicio Del ToroThe Usual Suspects
90.8%
Brittany MurphyDon't Say a Word
90.4%
Rutger HauerBlade Runner
90.3%
Elijah WoodThe Lord of the Rings: The Two towers
90%
Michael MadsenWyatt Earp
89.5%
Rutger HauerBuffy the Vampire Slayer
89.3%
Benicio Del ToroFear and Loathing in Las Vegas
89%
Brittany MurphyGirl, Interrupted
87.8%
Elijah WoodEternal Sunshine of the Spotless Mind
84%
Michael MadsenFree Willy
83.9%
Michael MadsenReservoir Dogs
83.5%
Bruce WillisTwelve Monkeys
81.6%
Rutger HauerBatman Begins
80.4%
Mickey RourkeIron Man 2
78.8%
Jessica AlbaFantastic Four
78.4%
Brittany Murphy8 Mile
73.7%
Rutger HauerConfessions of a Dangerous Mind
72.6%
Clive OwenShoot 'Em Up
68.9%
Jessica AlbaGood Luck Chuck
66.9%
Hint Answer % Correct
Mickey RourkeMan on Fire
66.2%
Elijah WoodDeep Impact
65.9%
Michael MadsenDonnie Brasco
65.8%
Bruce WillisHudson Hawk
59.1%
Benicio Del ToroLicence to Kill
56.4%
Clive OwenChildren of Men
56.1%
Benicio Del ToroThings We Lost in the Fire
52.7%
Elijah WoodThe Good Son
51.1%
Benicio Del Toro21 Grams
45.3%
Mickey RourkeRumble Fish
36%
Elijah WoodThe Ice Storm
32.2%
Clive OwenInside Man
27.4%
Jessica AlbaIdle Hands
25.9%
Clive OwenKing Arthur
25.8%
Mickey RourkeAngel Heart
22.6%
Brittany MurphyJust Married
22.2%
Bruce WillisPlanet Terror
18%
Rutger HauerHobo with a Shotgun
18%
Mickey RourkeGet Carter
17.1%
Jessica AlbaLittle Fockers
16.4%
Brittany MurphyUptown Girls
14.3%
Jessica AlbaThe Killer Inside Me
12.3%

Today's Daily Dose

You're not logged in!

Compare scores with friends on all Sporcle quizzes.
Join for Free
OR
Log In

You Might Also Like...

Show Comments

Extras

Top Quizzes Today


Score Distribution

Your Account Isn't Verified!

In order to create a playlist on Sporcle, you need to verify the email address you used during registration. Go to your Sporcle Settings to finish the process.

Report this User

Report this user for behavior that violates our Community Guidelines.

Details: